Ley de Adquisiciones, Arrendamientos y Servicios del Sector Público con su reglamento interlineado : última reforma publicada en el Diario Oficial de la Federación el 10 de noviembre de 2014 /
Gorde:
| Erakunde egilea: | |
|---|---|
| Beste egile batzuk: | , |
| Formatua: | Liburua |
| Hizkuntza: | gaztelania |
| Argitaratua: |
México :
Libros en Demanda,
2014, c2014
|
| Gaiak: | |
| Etiketak: |
Etiketarik gabe, Izan zaitez lehena erregistro honi etiketa jartzen!
|
MARC
| LEADER | 00000nam^a2200000^a^4500 | ||
|---|---|---|---|
| 001 | 000402658 | ||
| 005 | 20250521000000.0 | ||
| 009 | 20260310121718.489 | ||
| 020 | |a 978-607-95693-9-6 | ||
| 037 | |a Acervo ITESO - Biblioteca | ||
| 041 | |a ESP | ||
| 082 | |a 344. 7206 |b MEX 2014 | ||
| 110 | |a México | ||
| 240 | 1 | 1 | |a [Ley de Adquisiciones, Arrendamientos y Servicios del Sector Público] |
| 245 | 1 | 0 | |a Ley de Adquisiciones, Arrendamientos y Servicios del Sector Público con su reglamento interlineado : |b última reforma publicada en el Diario Oficial de la Federación el 10 de noviembre de 2014 / |c Comentarios de S. González-Luna Marseille, J.J. Muñoz Navarro. |
| 264 | 4 | |a México : |b Libros en Demanda, |c 2014, c2014 | |
| 300 | |a 181 p. | ||
| 336 | |a texto |b txt |2 rdacontenido | ||
| 337 | |a sin mediación |b n |2 rdamedio | ||
| 338 | |a volumen |b nc |2 rdasoporte | ||
| 649 | |a XX | ||
| 650 | |a Servicios Públicos - |z México - |x Leyes y Reglamentos | ||
| 650 | |a Derecho Administrativo - |z México - |x Leyes y Reglamentos | ||
| 650 | |a Derecho Público - |z México - |x Leyes y Reglamentos | ||
| 650 | |a México - |x Leyes y Reglamentos | ||
| 740 | 0 | |a Compras gubernamentales en los tratados de libre comercio / |c Comentarios de S. González-Luna Marseille, J.J. Muñoz Navarro. | |
| 700 | |a González-Luna Marseille, Santiago |e (comentarios) | ||
| 700 | |a Muñoz Navarro, José de Jesús |e (comentarios) | ||
| 910 | |a Fondo General | ||
| 920 | |a Impresos - Libros | ||
| 930 | |a Colección General | ||
| 905 | |a 101 | ||
| 901 | |a 0500298028 |b IT1 |c ACC |i d76650 |u 20250521 | ||
| 901 | |a 0500298031 |b IT1 |c ACC |i d76698 |u 20250521 | ||
| 902 | |a https://opac.biblio.iteso.mx/vufind/Record/000402658 | ||